| 000 | 01153cai a22002175a 4500 | ||
|---|---|---|---|
| 001 | E142301 | ||
| 008 | 080102u2008 stk f 000 0 eng d | ||
| 035 | _a(Sirsi) u142301 | ||
| 041 | 0 | _aeng | |
| 110 | 1 |
_aScotland _bScottish Government _95344 |
|
| 245 | 0 | 0 |
_aHome report _h[electronic resource] |
| 260 |
_aEdinburgh _bScottish Government _c2008 |
||
| 520 | _aWebsite which provides information and guidance for buyers, sellers and industry professionals on the 'Home Report' which comes into force on 1 December 2008. The Home Report will provide detailed information about the condition and value of a property including a single survey, an energy report and a property questionnaire. Includes latest news and contact information, as well as relevant legislation and frequently asked questions. | ||
| 590 | _aKA | ||
| 650 | 2 | 4 | _aSCOTTISH SINGLE SURVEY SCHEME |
| 650 | 2 | 4 | _aHOME REPORT |
| 651 | 4 |
_aScotland _y1999- |
|
| 690 | _aPROPERTY-RESIDENTIAL PROPERTY-ACQUISITION AND DISPOSAL OF RESIDENTIAL PROPERTY | ||
| 856 | 4 | 0 |
_uhttps://www.homereportscotland.gov.uk/ _zView the website free of charge at www.homereportscotland.gov.uk... |
| 942 | _n0 | ||
| 999 |
_c120646 _d120646 |
||